000
00299nam a22001337a 4500
008
170823b xxu||||| |||| 00| 0 eng d
020
_a
9780030322228
041
_a
eng
080
_2
5TH
_a
51
100
_a
38
101
_a
MAT
245
_a
FUNDAMENTALS OF MATHEMATICS
_c
BARKER,J
942
_2
udc
_c
BK
999
_c
24607
_d
24607